| 000 | 01612nam1a2200325 i 4500 | ||
|---|---|---|---|
| 001 | RU\NLR\BIBL_A\011166822 | ||
| 005 | 20260405235437.0 | ||
| 010 |
_a9785090422994 _boбщ. |
||
| 035 | _a(NLR Aleph) 011166822 | ||
| 090 |
_a11746405 _c11746405 |
||
| 100 | _a20160504g20169999d y0rusy50 ca | ||
| 101 | 0 | _arus | |
| 102 | _aRU | ||
| 105 | _a||||j ||||| | ||
| 200 | 1 |
_aИспанский язык _e3 класс _eучебник для общеобразовательных организаций и школ с углубленным изучением испанского языка _eв 2 ч. _fА.А. Воинова, Ю.А. Бухарова, К.В. Морено |
|
| 205 | _a3-е изд. | ||
| 210 |
_aМосква _cПросвещение _d2016 |
||
| 215 | _d26 | ||
| 300 | _aНа обл.: Español: libro del alumno / A. Vóinova, J. Bujárova, C. Moreno | ||
| 512 | 1 |
_6z45790 _aEspañol _elibro del alumno |
|
| 606 |
_aИспанский язык _jУчебники для специализированных школ _91211111 _3RU\NLR\AUTH\66491709 |
||
| 686 | 3 | _aШ147.21-93рус221[3] | |
| 700 | 1 |
_8rus _7ca _aВоинова _bА.А. _gАльбина Аркадьевна _3RU\NLR\AUTH\7721561 _94623 |
|
| 701 | 1 |
_8rus _7ca _aБухарова _bЮ.А. _gЮлия Алексеевна _3RU\NLR\AUTH\7721564 _94626 |
|
| 701 | 1 |
_8rus _7ca _aМорено _bК. В. _gКармен Викторовна _3RU\NLR\AUTH\77109040 _991965 |
|
| 790 | 1 |
_8rus _7ba _aVoinova _bA.A. _gAl'bina Arkad'evna _3RU\NLR\AUTH\7721562 _94624 |
|
| 852 |
_aNLR _j2016-7/2363 |
||
| 942 | _cBOOK | ||